| 000 | 00595nam a22001817a 4500 | ||
|---|---|---|---|
| 005 | 20231107134421.0 | ||
| 008 | 231107b |||||||| |||| 00| 0 eng d | ||
| 020 | _a0702108472 | ||
| 041 | _aEnglish | ||
| 082 | _a346.43 COO | ||
| 100 |
_aCooper, WE _lEnglish |
||
| 245 |
_aThe Rent Control Act : _bA Supplement to the South African Law of Landlord and Tenant / _cWE Cooper |
||
| 250 | _aFirst Edition | ||
| 260 |
_aCape Town : _bJuta and Company Ltd, _c1977 |
||
| 300 |
_bxxix, 289 pages ; _c25,5 cm. |
||
| 650 |
_aLegal practice _bLaw |
||
| 942 |
_cBK _6ALISON_BN_VRIES |
||
| 999 |
_c384 _d384 |
||